[Event "GER Seniors Derby 09th"]
[Site "Wesel Undeloh"]
[Date "2010.04.11"]
[Round "7.21"]
[White "Nestler, Klaus"]
[Black "Meyer Ensenbach, Dieter"]
[Result "1/2-1/2"]
[WhiteElo "1446"]
[BlackElo "1474"]
[PlyCount "38"]
[EventDate "2010.04.08"]
[EventType "swiss"]
[EventRounds "7"]
[EventCountry "GER"]
[SourceTitle "EXT 2022"]
[Source "ChessBase"]
[SourceDate "2021.10.06"]
[SourceVersion "1"]
[SourceVersionDate "2021.10.06"]
[SourceQuality "1"]

1. d4 Nf6 2. Nf3 e6 3. c4 c5 4. e3 cxd4 5. Nxd4 Bb4+ 6. Bd2 Qa5 7. Bxb4 Qxb4+ 8. Qd2 Qxd2+ 9. Nxd2 a6 10. Be2 Nc6 11. N2b3 e5 12. Nf5 0-0 13. Nd6 Ne8 14. Nxc8 Rxc8 15. Nc5 Rc7 16. a3 d6 17. Ne4 f5 18. Nc3 Nf6 19. 0-0 Ne7 1/2-1/2

[Event "GER Seniors Derby 09th"]
[Site "Wesel Undeloh"]
[Date "2010.04.09"]
[Round "3.25"]
[White "Rieger, Kurt"]
[Black "Meyer Ensenbach, Dieter"]
[Result "0-1"]
[WhiteElo "1140"]
[BlackElo "1474"]
[PlyCount "108"]
[EventDate "2010.04.08"]
[EventType "swiss"]
[EventRounds "7"]
[EventCountry "GER"]
[SourceTitle "EXT 2022"]
[Source "ChessBase"]
[SourceDate "2021.10.06"]
[SourceVersion "1"]
[SourceVersionDate "2021.10.06"]
[SourceQuality "1"]

1. d4 Nf6 2. Nf3 e6 3. Nbd2 d5 4. e3 c5 5. c3 Bd7 6. Ne5 Nc6 7. Nef3 Bd6 8. Nb3 c4 9. Nc5 Bxc5 10. dxc5 Ne4 11. Nd2 Nxc5 12. Be2 Ne5 13. 0-0 Ncd3 14. f4 Nc6 15. Bxd3 cxd3 16. Nf3 Ne7 17. Qxd3 a6 18. b4 Bb5 19. Qd4 Nf5 20. Qd2 Bxf1 21. Kxf1 Qb6 22. g4 Nd6 23. Qd4 Qxd4 24. Nxd4 Rc8 25. Bd2 Ne4 26. Be1 0-0 27. a4 Nxc3 28. f5 Ne4 29. b5 e5 30. Nf3 f6 31. bxa6 bxa6 32. Rb1 Rb8 33. Rd1 Rfd8 34. h4 Rb3 35. Ke2 Nc3+ 36. Bxc3 Rxc3 37. g5 Ra3 38. Rb1 Ra2+ 39. Ke1 Rc8 40. Kd1 Rxa4 41. Rb6 Ra1+ 42. Kd2 Ra2+ 43. Kd1 d4 44. gxf6 gxf6 45. Rxf6 dxe3 46. Rd6 e2+ 47. Ke1 Rc1+ 48. Kf2 Rf1+ 49. Kg3 Rxf3+ 50. Kxf3 e1Q 51. Rd8+ Kf7 52. Rd7+ Kf6 53. Rd6+ Kxf5 54. Rd5 Qf2# 0-1